|
|
|
|
| LEADER |
00613cam a2200169 7i4500 |
| 001 |
0000021537 |
| 005 |
20080808090000.0 |
| 090 |
0 |
0 |
|a MORC 691
|b MAL
|
| 110 |
2 |
0 |
|a Malaysia External Trade Development Corporation(MATRADE)
|
| 245 |
2 |
0 |
|a Product market study :
|b Building materilas and construction industry in Morocco.
|
| 260 |
0 |
0 |
|a Paris:
|b Matrade Paris,
|c 2007.
|
| 300 |
# |
# |
|a 123 p.
|
| 440 |
0 |
0 |
|a Product market study
|
| 650 |
0 |
0 |
|a Building materials --
|x Markets --
|z Morocco
|
| 650 |
0 |
0 |
|a Construction materials --
|x Markets --
|z Morocco
|
| 651 |
0 |
0 |
|a Morocco
|
| 999 |
|
|
|a 0000021439
|b Book
|c Services
|e Business Information Centre
|